00953nam a22002417a 4500999001700000003000900017008004100026040007100067082002400138100002300162245002600185260005800211300002800269440005600297505012300353650002600476650002000502650002500522700003500547942001600582945000900598952010400607 c10085d10085AR-CdUCM190329b ||||| |||| 00| 0 spa d aMUNICIPALIDAD PROVINCIAL DEL CUSCOcBIBLIOTECA MUNICIPAL DEL CUSCO a323.3 /bH17 / 1950 aHalbwachs, Maurice aLas clases sociales / aMéxico, D.F :bFondo de Cultura Económica,c1950. a181 páginas ;c17 cm. aBreviarios Fondo de Cultura Económica.n32926742 aContenido: La civilización tradicional y las clases campesinas -- Los medios urbanos y la civilización industrial. aClases sociales92411 aIndustria94386 aCivilización91048 aAub, Max (traducción)926743 2ddccLIBROS aachl 002ddc4070aSCAbSCAcCARTd2019-03-29g40.00o323.3 / H17 / 1950pSCA0000547r2019-03-29yLIBROS